| 000 | 00472nam a2200181Ia 4500 | ||
|---|---|---|---|
| 005 | 20250508151829.0 | ||
| 008 | 008 250505s9999 xx 000 0 hin d | ||
| 037 | _aTextual | ||
| 040 |
_aFEDL _beng _cFEDL |
||
| 041 |
_ahin _2hin |
||
| 084 |
_a684, RAB _qFEDL |
||
| 100 |
_aRab M K _9760108 |
||
| 245 | 0 | _aKast kala parichye | |
| 260 |
_aAllahabad, India _bKitab Mahal _c1955 |
||
| 300 | _a252p. | ||
| 942 |
_cTEXL _h684, RAB |
||
| 999 |
_c1332365 _d1332365 |
||